| 000 | 01062nam a22002537a 4500 | ||
|---|---|---|---|
| 005 | 20170124102951.0 | ||
| 010 | _a918452 | ||
| 020 | _c50.00 | ||
| 035 | _a918452 | ||
| 037 | _bCen Lib/Ret | ||
| 040 |
_aDPL _bHN |
||
| 082 |
_a821.08 _bप्रसाद |
||
| 100 |
_aप्रसाद, रामदेव _951596 |
||
| 245 |
_aरामचरितमानस की काव्यभाषा / _cरामदेव प्रसाद |
||
| 246 |
_aRamcharitmanas ki kavyebhasha / _bby Ramdev Prasad |
||
| 260 |
_aसाहिबाबाद _bवि.भू.प्रकाशन _c1978 |
||
| 270 |
_bसाहिबाबाद _e201005 |
||
| 300 |
_a256पृ. _c21सेमी (सजिल्द) |
||
| 650 |
_aहिन्दी -- साहित्य _951597 |
||
| 650 |
_aहिन्दी -- रामचरितमानस -- रचनाएं _951598 |
||
| 650 |
_aHindi -- literature _951599 |
||
| 650 |
_aHindi - Ramacharitamanas - Compositions _951600 |
||
| 942 |
_2ddc _cHN _h821.08 _mप्रसाद |
||
| 999 |
_c113300 _d113300 |
||